Best Sandwiches - Statistics

General Stats
  • This quiz has been taken 202 times
  • The average score is 7 of 15
Answer Stats
WHAT MAKES IT SPECIAL BITE ME % Correct
Three little letters BLT
87%
A kind of fish Tuna Melt
69%
In your kid's lunchbox Peanut Butter and Jelly
68%
All dairy Grilled Cheese
64%
New England crustacean Lobster Roll
59%
Pastrami, sauerkraut, Russian dressing Reuben
58%
What millennials eat for breakfast Avocado Toast
46%
New Orleans seafood Po'Boy
45%
Jewish brunch favorite with smoked fish Bagel with Cream Cheese and Lox
38%
Au jus French Dip
38%
Vietnamese and French Fusion Banh Mi
32%
Ham, pickles, Ybor City Cuban
32%
Thinly sliced on a hoagie Philly Cheesesteak
27%
Deep fried ham and cheese Monte Cristo
23%
Mexican soft roll Torta
15%
No matching quizzes found
Score Distribution
Percent of People with Each Score
Percentile by Number Answered
Your Score History
You have not taken this quiz